Les meilleurs de foot clubs par régions - Statistiques

Statistiques générales
  • Ce quiz a été pris 399 fois
  • Le résultat moyen est 28 sur 55
Statistiques - réponses
Hint Réponse % Correct
Auvergne-Rhône Alpes Olympique Lyonnais
94%
PACA Olympique de Marseille
92%
Auvergne-Rhône Alpes AS Saint-Etienne
87%
Pays de la Loire FC Nantes
87%
Bretagne Stade Rennais
86%
Hauts de France Lille OSC
85%
PACA OGC Nice
84%
Hauts de France RC Lens
83%
Bretagne Stade Brestois 29
82%
Nouvelle Aquitaine Girondins de Bordeaux
81%
Grand Est RC Strasbourg
80%
Bretagne FC Lorient
76%
Pays de la Loire Angers SCO
75%
Occitanie FC Toulouse
74%
Grand Est FC Metz
73%
Normandie SM Caen
73%
Auvergne-Rhône Alpes Clermont Foot 63
71%
Occitanie Montpellier HSC
71%
Normandie Le Havre AC
70%
Auvergne-Rhône Alpes Grenoble Foot 38
69%
Bretagne EA Guingamp
65%
Bourgogne Franche Comté AJ Auxerre
63%
Grand Est Stade de Reims
63%
Bourgogne Franche Comté Dijon FCO
62%
Grand Est AS Nancy Lorraine
59%
Normandie FC Rouen
59%
Hauts de France Amiens SC
56%
Occitanie Nîmes Olympiques
55%
Pays de la Loire Le Mans FC
54%
Hauts de France Valenciennes FC
52%
Grand Est ESTAC Troyes
50%
Nouvelle Aquitaine Pau FC
49%
Centre Val de Loire US Orléans
49%
Bourgogne Franche Comté FC Sochaux-Montbéliard
47%
Auvergne-Rhône Alpes FC Annecy
46%
Pays de la Loire Stade Lavallois
46%
Centre Val de Loire FC Tours
42%
Nouvelle Aquitaine Chamois Niortais
34%
PACA AS Cannes
30%
Centre Val de Loire LB Châteauroux
29%
Bretagne US Concarneau
28%
Hauts de France US Boulogne
24%
PACA FC Martigues
23%
Pays de la Loire SCO Cholet
19%
Normandie AS Cherbourg
15%
Occitanie FC Sète
14%
Occitanie AS Béziers
13%
Centre Val de Loire Bois Foot 41
12%
Normandie Quevilly-Rouen Métropole
10%
Bourgogne Franche Comté ASM Belfort
7%
Bourgogne Franche Comté FC Gueugnon
7%
Nouvelle Aquitaine Angoulême FC
6%
Nouvelle Aquitaine Bergerac Périgord FC
6%
PACA Atlético Marseille 13
2%
Centre Val de Loire SO Romorantin
2%
Aucun quiz correspondant
Distribution des résultats
% des personnes avec chaque résultat
Percentile par nombre de réponses
Votre historique - résultats
Vous n’avez pas pris ce quiz